Rast konkurencieschopnosti ekonomiky prostredníctvom realizácie znalostnej ekonomiky v kontexte s vedno - technickou a inovačnou politikou
Zabezpečenie konkurencieschopnosti ekonomiky vytvorením vhodných nástrojov a podmienok pre znalostnú ekonomiku. Znalostná ekonomika je konkurencieschopnou ekonomikou, kde jej konkurencieschopnosť závisí od fázy jej rozvoja a je to ekonomika zameraná na inovácie a vytváranie unikátnych hodnôt. Schopn...
Salvato in:
| Autore principale: | |
|---|---|
| Natura: | Capitolo di libro |
| Lingua: | slovacco |
| Soggetti: | |
| Tags: |
Nessun Tag, puoi essere il primo ad aggiungerne!!
|
MARC
| LEADER | 00000nla$a2200000$$$4500 | ||
|---|---|---|---|
| 001 | 0076192 | ||
| 005 | 20240502071906.7 | ||
| 041 | 0 | |a slo | |
| 044 | |a SK | ||
| 245 | 1 | 0 | |a Rast konkurencieschopnosti ekonomiky prostredníctvom realizácie znalostnej ekonomiky v kontexte s vedno - technickou a inovačnou politikou |c Vladimír Mikulec |
| 520 | |a Zabezpečenie konkurencieschopnosti ekonomiky vytvorením vhodných nástrojov a podmienok pre znalostnú ekonomiku. Znalostná ekonomika je konkurencieschopnou ekonomikou, kde jej konkurencieschopnosť závisí od fázy jej rozvoja a je to ekonomika zameraná na inovácie a vytváranie unikátnych hodnôt. Schopnosť vytvárať inovatívne tovary a služby. Odolnosť ekonomiky voči vonkajším šokom. Dôležité nástroje znalostnej ekonomiky: vedná a technická politika, inovačná stratégia a inovačná politika. | ||
| 610 | 2 | 0 | |a ekonomika vedomostná |
| 610 | 2 | 0 | |a konkurencieschopnosť |
| 610 | 2 | 0 | |a politika vedeckotechnická |
| 610 | 2 | 0 | |a politika technická |
| 610 | 2 | 0 | |a stratégia inovačná |
| 100 | 1 | |a Mikulec, Vladimír | |